MyGZULibrary

An introduction to the policy process : (Record no. 10553)

MARC details
000 -LEADER
fixed length control field 01499cam a22002894a 4500
001 - CONTROL NUMBER
control field 16189381
003 - CONTROL NUMBER IDENTIFIER
control field GZU
005 - DATE AND TIME OF LATEST TRANSACTION
control field 20220606145754.0
008 - FIXED-LENGTH DATA ELEMENTS--GENERAL INFORMATION
fixed length control field 100416s2010 nyua b 001 0 eng
010 ## - LIBRARY OF CONGRESS CONTROL NUMBER
LC control number 2010016536
020 ## - INTERNATIONAL STANDARD BOOK NUMBER
International Standard Book Number 9780765625328 (pbk. : alk. paper)
040 ## - CATALOGING SOURCE
Original cataloging agency DLC
Transcribing agency DLC
Modifying agency DLC
043 ## - GEOGRAPHIC AREA CODE
Geographic area code n-us---
050 00 - LIBRARY OF CONGRESS CALL NUMBER
Classification number H97
Item number .BIR 2010
100 1# - MAIN ENTRY--PERSONAL NAME
Personal name Birkland, Thomas A.
Relator term author
245 13 - TITLE STATEMENT
Title An introduction to the policy process :
Remainder of title theories, concepts, and models of public policy making /
Statement of responsibility, etc. by Thomas A. Birkland.
250 ## - EDITION STATEMENT
Edition statement Third edition.
260 ## - PUBLICATION, DISTRIBUTION, ETC.
Place of publication, distribution, etc. Armonk, NY :
Name of publisher, distributor, etc. M.E. Sharpe,
Date of publication, distribution, etc. c2010.
300 ## - PHYSICAL DESCRIPTION
Extent xx, 339 pages. :
Other physical details illustrations. ;
Dimensions 24 cm.
504 ## - BIBLIOGRAPHY, ETC. NOTE
Bibliography, etc. note Includes bibliographical references (p. 311-323) and index.
505 0# - FORMATTED CONTENTS NOTE
Formatted contents note Introducing the policy process -- An overview of the policy process -- The historical and structural context of public policy making -- Official actors and their roles in public policy -- Unofficial actors and their roles in public policy -- agenda setting, power, and interest groups -- Policies and policy types -- Policy design, policy tools, and decisions -- Policy implementation, failure, and learning -- Science and theory in the study of public policy.
650 #0 - SUBJECT ADDED ENTRY--TOPICAL TERM
Topical term or geographic name entry element Policy sciences.
650 #0 - SUBJECT ADDED ENTRY--TOPICAL TERM
Topical term or geographic name entry element Political planning
Geographic subdivision United States.
906 ## - LOCAL DATA ELEMENT F, LDF (RLIN)
a 7
b cbc
c orignew
d 1
e ecip
f 20
g y-gencatlg
942 ## - ADDED ENTRY ELEMENTS (KOHA)
Source of classification or shelving scheme Library of Congress Classification
Koha item type Books
Edition Third edition
Classification part 97
Item part BIR
Call number prefix H
Holdings
Withdrawn status Lost status Source of classification or shelving scheme Damaged status Not for loan Collection code Home library Current library Shelving location Date acquired Source of acquisition Total Checkouts Full call number Barcode Date last seen Date last checked out Copy number Price effective from Koha item type
    Library of Congress Classification     Non-fiction City Campus Library City Campus Library General Stacks 06/06/2022 American Embassy 1 H97 BIR 2010 032368 09/30/2025 09/16/2025 c. 1 06/06/2022 Books